[Event "Ciencias Prueba"]
[Site "Ciencias"]
[Date "2019.??.??"]
[Round "4.6"]
[White "Kromberger, Juan"]
[Black "Lopez, Ruben Omar"]
[Result "0-1"]
[WhiteElo "1505"]
[BlackElo "1567"]
[PlyCount "52"]
[EventDate "2019.05.30"]
[EventType "swiss"]
[EventRounds "9"]
[EventCountry "ARG"]
[SourceTitle "EXT 2024"]
[Source "ChessBase"]
[SourceDate "2023.10.10"]
[SourceVersion "1"]
[SourceVersionDate "2023.10.10"]
[SourceQuality "1"]

1. f4 d5 2. Nf3 e6 3. e3 f5 4. b3 Nf6 5. Bb2 Nbd7 6. Na3 b6 7. Bb5 Bb7 8. Ne5 c6 9. Bxc6 Bxc6 10. Nxc6 Qc7 11. Ne5 Bxa3 12. Bxa3 Nxe5 13. fxe5 Qxe5 14. 0-0 Ng4 15. g3 h5 16. Qf3 h4 17. Qf4 Qxf4 18. exf4 hxg3 19. hxg3 Rh2 20. Rad1 Kf7 21. Bb2 Rah8 22. Bd4 Rh1+ 23. Kg2 R8h2+ 24. Kf3 Rxf1+ 25. Rxf1 Rxd2 26. c3 Nh2+ 0-1